000 01197nam a22003497a 4500
003 CHAP
005 20220329141157.0
008 971010s1973 r 00010 d
010 _a63889
011 _a64861
035 _a71001
040 _cCHAP
090 _aTesis
100 0 0 _aGeymonat Félix, Oscar Roberto.
_947815
245 _aEstudios de algunos aspectos de las explotaciones lecheras en la Comarca Lagunera
260 _aChapingo, Méx. :
_bEl autor,
_c1973
300 _a168 h.
502 _aTesis (Ing. Agrónomo Esp. en Zootecnia) -- ENA. Departamento de Zootecnia
590 _aALEPH
_b10
_c20130110
_lUCH01
_h1347
590 _aBATCH-UPD
_b10
_c20130110
_lUCH01
_h0703
590 _aBATCH-UPD
_b10
_c20130410
_lUCH01
_h0349
590 _aBATCH-UPD
_b10
_c20130914
_lUCH01
_h1012
590 _aCONVERSION
_b10
_c20130109
_lUCH01
_h1335
650 1 4 _aComarca Lagunera
_xGanadería.
_925530
650 1 4 _aGanado lechero
_xComarca Lagunera.
_945247
901 _aBK
942 _cFOLL
949 _aG558
_bZ
_cTESBD
_d-3592
_eTS1
_i71001
_si
949 _bBC
_cTES
_d-44518
_eTS1
_i71001
_si
949 _bBC
_cTES
_d-44519
_eTS2
_fc.2
_i71001
_si
949 _bBC
_cTES
_d-44520
_eTS2
_fc.3
_i71001
_si
999 _c63889
_d63889